00889nam a22002177a 4500003001100000005001700011008004100028020001800069040003900087041000800126082001700134245012000151260013600271300006200407650004100469650002400510700002300534942000700557952009200564999001500656LK-CoMWRAF20231218113246.0231218b2013 |||||||| |||| 00| 0 eng d a9789554429901 aLK-CoMWRAFdLK-CoMWRAFeLK-CoMWRAF aeng a305.906bSKY aSky no roof : ba true story about naval occupation of a village and a people's relentless struggle to go back home aMannar:b Mannar Diocese of the Catholic Church assisted by the Human Rights in Conflict Program of the Law & Society Trust, c2013 a 51 p., 34 unnumbered p. : ill., maps, facsimiles ; 23 cm aDisplacement (Psychology)- Sri Lanka aMilitary occupation aPerera, Kusaleed. cBK 00104070aMAINbMAINd2023-12-18l0o305.906 SKYpRAF4574r2023-12-18w2023-12-18yBK c4513d4513